<?xml version="1.0" encoding="UTF-8"?>
<record
    xmlns:xsi="http://www.w3.org/2001/XMLSchema-instance"
    xsi:schemaLocation="http://www.loc.gov/MARC21/slim http://www.loc.gov/standards/marcxml/schema/MARC21slim.xsd"
    xmlns="http://www.loc.gov/MARC21/slim">

  <leader>01415cam a2200277   4500</leader>
  <controlfield tag="001">gs 67000280 </controlfield>
  <controlfield tag="003">DLC</controlfield>
  <controlfield tag="005">20260227111421.0</controlfield>
  <controlfield tag="008">700605s1966    cauab    b    00010 eng c</controlfield>
  <datafield tag="010" ind1=" " ind2=" ">
    <subfield code="a">gs 67000280 //r852</subfield>
  </datafield>
  <datafield tag="040" ind1=" " ind2=" ">
    <subfield code="a">U.S. Geological Survey Library</subfield>
  </datafield>
  <datafield tag="050" ind1="0" ind2=" ">
    <subfield code="a">TN24.C2</subfield>
    <subfield code="b">A3 no. 191</subfield>
  </datafield>
  <datafield tag="082" ind1=" " ind2=" ">
    <subfield code="a">333.8/09794</subfield>
  </datafield>
  <datafield tag="110" ind1="2" ind2="0">
    <subfield code="a">Geological Survey (U.S.)</subfield>
  </datafield>
  <datafield tag="245" ind1="1" ind2="0">
    <subfield code="a">Mineral resources of California.</subfield>
    <subfield code="b">[Report of the U.S. Geological Survey in collaboration with the California Division of Mines and Geology and the U.S. Bureau of Mines,</subfield>
    <subfield code="c">prepared at the request of Senator Thomas H. Kuchel of California of the Committee on Interior and Insular Affairs, United States Senate.]</subfield>
  </datafield>
  <datafield tag="260" ind1="0" ind2=" ">
    <subfield code="a">San Francisco,</subfield>
    <subfield code="c">1966.</subfield>
  </datafield>
  <datafield tag="300" ind1=" " ind2=" ">
    <subfield code="a">vii, 450 p.</subfield>
    <subfield code="b">illus., maps (1 fold. col. in pocket)</subfield>
    <subfield code="c">24 cm.</subfield>
  </datafield>
  <datafield tag="490" ind1="1" ind2=" ">
    <subfield code="a">California. Division of Mines and Geology. Bulletin</subfield>
    <subfield code="v">191</subfield>
  </datafield>
  <datafield tag="500" ind1=" " ind2=" ">
    <subfield code="a">Issued also as Committee print, U.S. 89th Cong., 2d sess., entitled: Mineral and water resources of California, part 1.</subfield>
  </datafield>
  <datafield tag="500" ind1=" " ind2=" ">
    <subfield code="a">"Part II a companion volume dealing with water, not distributed by the Division of Mines and Geology."</subfield>
  </datafield>
  <datafield tag="504" ind1=" " ind2=" ">
    <subfield code="a">Includes bibliographies.</subfield>
  </datafield>
  <datafield tag="650" ind1=" " ind2="0">
    <subfield code="a">Mines and mineral resources</subfield>
    <subfield code="z">California.</subfield>
  </datafield>
  <datafield tag="710" ind1="1" ind2="0">
    <subfield code="a">California.</subfield>
    <subfield code="b">Division of Mines and Geology.</subfield>
  </datafield>
  <datafield tag="710" ind1="1" ind2="0">
    <subfield code="a">United States.</subfield>
    <subfield code="b">Bureau of Mines.</subfield>
  </datafield>
  <datafield tag="830" ind1=" " ind2="0">
    <subfield code="a">Bulletin (California. Division of Mines and Geology) ;</subfield>
    <subfield code="v">191.</subfield>
  </datafield>
  <datafield tag="999" ind1=" " ind2=" ">
    <subfield code="c">30369</subfield>
    <subfield code="d">30369</subfield>
  </datafield>
</record>
